Logrosán : (Record no. 132937)

MARC details
000 -LEADER
campo de control de longitud fija 00669nam a2200205 4500
001 - NÚMERO DE CONTROL
campo de control 132937
003 - IDENTIFICADOR DE NÚMERO DE CONTROL
campo de control ES-MaACL
005 - FECHA Y HORA DE LA ÚLTIMA TRANSACCIÓN
campo de control 20250714094953.0
007 - CAMPO FIJO DE DESCRIPCIÓN FÍSICA--INFORMACIÓN GENERAL
campo de control de longitud fija t|
008 - DATOS DE LONGITUD FIJA--INFORMACIÓN GENERAL
campo de control de longitud fija 070214s1982 sp r ||||1| spa d
100 1# - ENTRADA PRINCIPAL--NOMBRE DE PERSONA
Nombre de persona Roso de Luna, Mario,
Fechas asociadas al nombre 1872-1931
9 (RLIN) 99794
245 10 - MENCIÓN DEL TÍTULO
Título Logrosán :
Resto del título legajo histórico : año 1898 /
Mención de responsabilidad, etc. Mario Roso de Luna.
260 ## - PUBLICACIÓN, DISTRIBUCIÓN, ETC.
Lugar de publicación, distribución, etc. Cáceres :
Nombre del editor, distribuidor, etc. Institución Cultural "El Brocense",
Fecha de publicación, distribución, etc. 1982.
300 ## - DESCRIPCIÓN FÍSICA
Extensión 385 p. :
Otras características físicas il. ;
Dimensiones 26 cm.
595 ## -
-- Facsímil del manuscrito.
651 #4 - PUNTO DE ACCESO ADICIONAL DE MATERIA--NOMBRE GEOGRÁFICO
Nombre geográfico Logrosán-
Subdivisión general Historia.
9 (RLIN) 172993
710 2# - ENTRADA AGREGADA--NOMBRE DE ENTIDAD CORPORATIVA
Nombre de entidad corporativa o nombre de jurisdicción como elemento de entrada Institución Cultural "El Brocense"
9 (RLIN) 4713
852 ## - LOCALIZACIÓN
Ubicación ES-MaACL
Número de control de estantería L-3601
Holdings
Estatus retirado Estado de pérdida Estado de daño No para préstamo Biblioteca de origen Biblioteca actual Ubicación en estantería Fecha de adquisición Fuente de adquisición Total de préstamos Signatura topográfica completa Código de barras Visto por última vez Precio de reemplazo Tipo de ítem Koha
        Biblioteca del Ateneo de Madrid Biblioteca del Ateneo de Madrid Depósito 2 17/01/2008     L-3601 1138394 23/02/2023 23/02/2023 Libro impreso